000 01457cam a2200241 4500500
005 20260412001142.0
041 _afre
042 _adc
100 1 0 _aRabinovich, Silvana
_eauthor
245 0 0 _aEnrique Dussel, un philosophe indispensable pour décoloniser la théologie politique
260 _c2026.
500 _a80
520 _aLe tournant décolonial a-t-il quelque chose d’émancipateur à dire des religions ? À quoi ressemblerait un discours théologique décolonisateur ? En hommage à Enrique Dussel, Silvia Rabinovitch présente trois figures conceptuelles — le nomade, le prophète et le « messianisable » — qui habitent sa pensée comme autant de gestes décisifs pour une théologie politique repensée depuis le Sud global. À travers ces figures se dessine une pensée vulnérable, hospitalière et indocile, capable de défier les structures coloniales du pouvoir, de réhabiliter la fragilité comme force et d’ouvrir la voie à un dialogue égalitaire entre les cosmothéismes du Sud et les monothéismes de l’Occident.
690 _a#COSMOPOLITIQUE
690 _a#DÉCOLONIAL
690 _a#ESPACE
690 _a#ISRAËL-PALESTINE
690 _a#MYTHOLOGIE
690 _a#RELIGION
690 _aÉTUDES
786 0 _nLes Temps qui restent | 7 | 3 | 2026-02-20 | p. 62-71 | 3038-0464
856 4 1 _uhttps://shs.cairn.info/revue-les-temps-qui-restent-2025-3-page-62?lang=fr&redirect-ssocas=7080
999 _c2211270
_d2211270